| 000 | 00715nam a2200289Ia 4500 | ||
|---|---|---|---|
| 005 | 20260324143126.0 | ||
| 008 | 008 260324s9999 xx 000 0 eng d | ||
| 020 | _a9781315486659 | ||
| 037 | _aEBOOK | ||
| 040 | _aCRL | ||
| 040 | _beng | ||
| 040 | _cCRL | ||
| 041 | _2eng | ||
| 041 | _aeng | ||
| 084 | _qCRL | ||
| 100 |
_aWilliam A. Clark _91214474 |
||
| 245 | 0 | _aCrime and Punishment in Soviet Officialdom | |
| 245 | 0 | _bCombating Corruption in the Soviet Elite, 1965-90 | |
| 260 | _bTaylor and Francis | ||
| 260 | _c1993 | ||
| 365 | _a | ||
| 365 | _b53.99 | ||
| 856 | _uhttp://www.taylorfrancis.com/books/9781315486659 | ||
| 942 | _cEBOOK | ||
| 999 |
_c1819517 _d1819517 |
||